01033cam a22002657a 4500003000500000005001700005008004100022010001000063011001000073020001500083035001000098040000900108082001400117100001700131245006900148260013600217300002200353410007700375490006800452650003800520650004000558650002400598810007700622830006800699CHAP20220817043444.0980619d1985 mx r 00110 spa d a75776 a76748 a9688402761 a86337 cCHAP04a331.2bB600aBortz, Jeff.13aLa estructura de salarios en Méxicoc/por Jeff Bortz [y otros] aMéxico, D. F. :bUniversidad Autónoma Metropolitana. Unidad Azcapotzalco. División de Ciencias Sociales y Humanidades,c1985. a371 p. :bcuadros21aUAM. Unidad Azcapotzalco.bDivisión de Ciencias Sociales y Humanidades 0aBiblioteca de Ciencias Sociales y Humanidades. Serie economía14aCostos y nivel de vidazMéxico.14aMéxicoxCondiciones económicas.14aSalarioszMéxico.21aUAM. Unidad Azcapotzalco.bDivisión de Ciencias Sociales y Humanidades00aBiblioteca de Ciencias Sociales y Humanidades. Serie economía